000 00230nam a2200097Ia 4500
001 683305
005 20250826161435.0
008 250824s9999 xx 000 0 und d
245 0 _aTÜRKAN
_cAYŞE KULİN
260 _bEVEREST YAYINLARI
999 _c683305
_d683305